| Tag |
First Indicator |
Second Indicator |
Subfields |
| LEADER |
00000cam a2200000 4500 |
| 001 |
in00000334621 |
| 005 |
20151011052612.0 |
| 008 |
770415s1964 nyuach 00010 eng |
| 010 |
|
|
|a 65001478
|
| 035 |
|
|
|a (OCoLC)02892263
|
| 035 |
|
|
|9 ABL4231AM
|
| 040 |
|
|
|a DLC
|c TXA
|d UtOrBLW
|
| 049 |
|
|
|a TXAS
|c [1095889]
|
| 050 |
0 |
0 |
|a HS2330.K63
|b G5
|
| 100 |
1 |
|
|a Gillette, Paul J.
|
| 245 |
1 |
0 |
|a Ku Klux Klan :
|b the invisible empire /
|c by Paul J. Gillette.
|
| 264 |
|
1 |
|a New York :
|b Natlus Publicatons,
|c [1964]
|
| 300 |
|
|
|a 66 pages :
|b illustrations, facsimiles, portraits ;
|c 28 cm.
|
| 336 |
|
|
|a text
|b txt
|2 rdacontent
|
| 337 |
|
|
|a unmediated
|b n
|2 rdamedia
|
| 338 |
|
|
|a volume
|b nc
|2 rdacarrier
|
| 500 |
|
|
|a Cover title: True story behind the controversial Ku Klux Klan, the invisible empire.
|
| 610 |
2 |
0 |
|a Ku Klux Klan (1915- )
|
| 740 |
0 |
|
|a True story behind the controversial Ku Klux Klan.
|
| 999 |
|
|
|a MARS
|
| 999 |
f |
f |
|s 48213d78-9ef4-3137-a045-4a8f8857ae4a
|i 07f7f765-d7c4-39ec-8894-4e6a1a5b58ba
|t 0
|
| 952 |
f |
f |
|p noncirc
|a Texas A&M University
|b College Station
|c Cushing Memorial Library & Archives
|d Cushing: American Nativism (Does not check out)
|t 0
|e HS2330.K63 G5
|f Vertical File
|h Library of Congress classification
|i unmediated -- volume
|m A14800370038
|
| 998 |
f |
f |
|a HS2330.K63 G5
|t 0
|l Cushing: American Nativism (Does not check out)
|